|
|
|
|
| LEADER |
00000nam a2200000 a 4500 |
| 001 |
vtls001483469 |
| 003 |
SK-MaSNL |
| 005 |
20260301163906.0 |
| 008 |
240313s1928 xx 0 und |
| 035 |
|
|
|a SNK000438763
|
| 040 |
|
|
|a SNK
|b slo
|c SNK
|e AACR2
|
| 100 |
1 |
|
|a Herben, Jan
|4 aut
|9 287155
|
| 245 |
1 |
|
|a T. G. Masaryk II
|n Sv. 49 - 50
|
| 250 |
|
|
|a 2. vyd.
|
| 260 |
|
|
|a Praha
|b Spolek výtv. umělců Mánes
|c 1928
|
| 300 |
|
|
|a S. 331 - 658
|
| 999 |
|
|
|c 818656
|d 820586
|
| 952 |
|
|
|a SNK
|b SNK
|y NEVYP
|7 0
|p 17A0445218
|o snkID 32113/2 D1
|i snkD 724/75
|8 1
|0 0
|1 1
|4 0
|d 2004-10-13
|l 0
|r 2005-01-02 00:00:00
|w 2026-02-24
|
| 952 |
|
|
|t P60, <04>, [BOOK], {604}
|a SNK
|b SNK
|y VYP
|7 0
|p 17A0452046
|o snkID 32113/2
|i snkK 2429/69
|0 0
|1 0
|4 0
|d 2004-12-01
|l 0
|r 2005-01-02 00:00:00
|w 2026-02-24
|